000 00327nam a22001457a 4500
008 210609b ||||| |||| 00| 0 eng d
020 _a0323017487
041 _aeng
080 _22nd
_a616.073
082 _a616.073
100 _a6
101 _aRAD
245 _aRadiation Therapy
_cCharles M. Washington
942 _2udc
_cBK
999 _c58105
_d58105